00300 a2200121 4500001000700000020000600007040001100013100004100024240004300065245003800108362000900146440002300155178732 a  cMagnum aTomassini, Maria Beatriz Altenfelder10aUm bebe assim... igualzinho a mimlpor10aUm bebe assim... igualzinho a mim0 a1899 1aAo Livro Técnico